|
|
|
|
| LEADER |
00000nam2a2200000 4500 |
| 001 |
290850 |
| 005 |
20241029165337.0 |
| 010 |
|
|
|a 9785971016618
|
| 035 |
|
|
|a (RuTPU)RU\TPU\book\315408
|
| 090 |
|
|
|a 290850
|
| 100 |
|
|
|a 20150409d2015 km y0rusy50 ca
|
| 101 |
0 |
|
|a rus
|
| 102 |
|
|
|a RU
|
| 105 |
|
|
|a a g 000zy
|
| 200 |
0 |
|
|a Т. 1 : Математический анализ: введение в анализ, производная, интеграл. Ч. 3 : Неопределенный интеграл, определенный интеграл
|f И. И. Ляшко [и др.]
|
| 205 |
|
|
|a 8-е изд.
|
| 210 |
|
|
|c ЛЕНАНД
|d 2015
|
| 215 |
|
|
|a 270 с.
|c ил.
|
| 330 |
|
|
|a Предлагаемое читателю «Справочное пособие по высшей математике» охватывает почти все разделы высшей математики. В первом томе «Математический анализ: введение в анализ, производная, интеграл» наряду с минимальными теоретическими сведениями содержится более 800 детально разобранных примеров, в том числе повышенной сложности. Читателю также предлагается свыше 760 упражнений с ответами для самоконтроля.В настоящей книге, представляющей собой третью часть первого тома, исследуются неопределенный и определенный интегралы (включая интеграл Стил-тьеса, приложения определенного интеграла к решению задач геометрии, механики и физики, методы приближенного вычисления определенных интегралов). Книга содержит более 300 задач с подробными решениями.Пособие предназначено для студентов, преподавателей и работников физико-математических, экономических и инженерно-технических специальностей, специалистов по прикладной математике, а также лиц, самостоятельно изучающих
|
| 461 |
|
1 |
|0 (RuTPU)RU\TPU\book\321836
|t Справочное пособие по высшей математике
|o в 5 т.
|v Т. 1 : Математический анализ: введение в анализ, производная, интеграл. Ч. 3 : Неопределенный интеграл, определенный интеграл
|d 2011-2015
|s АнтиДемидович
|
| 606 |
1 |
|
|a Математика высшая
|2 stltpush
|3 (RuTPU)RU\TPU\subj\3986
|9 32308
|
| 606 |
1 |
|
|a Математический анализ
|2 stltpush
|3 (RuTPU)RU\TPU\subj\41236
|9 61042
|
| 610 |
1 |
|
|a неопределенные интегралы
|
| 610 |
1 |
|
|a определенные интегралы
|
| 610 |
1 |
|
|a функции
|
| 610 |
1 |
|
|a интегрирование
|
| 610 |
1 |
|
|a интеграл Римана
|
| 610 |
1 |
|
|a интегральное исчисление
|
| 610 |
1 |
|
|a несобственные интегралы
|
| 610 |
1 |
|
|a интеграл Стилтьеса
|
| 675 |
|
|
|a 51(03)
|v 4
|
| 675 |
|
|
|a 517(03)
|v 4
|
| 701 |
|
1 |
|a Ляшко
|b И. И.
|g Иван Иванович
|
| 701 |
|
1 |
|a Боярчук
|b А. К.
|g Алексей Климентьвич
|
| 701 |
|
1 |
|a Гай
|b Я. Г.
|g Яков Гаврилович
|
| 701 |
|
1 |
|a Головач
|b Г. П.
|g Григорий Петрович
|
| 801 |
|
1 |
|a RU
|b 63413507
|c 20150409
|
| 801 |
|
2 |
|a RU
|b 63413507
|c 20150605
|g RCR
|
| 942 |
|
|
|c BK
|